000
00232nam a22001097a 4500
082
_a
954/RO
100
_a
Roy,B.V.
_9
83655
245
_a
OLD Calcutta Cameos
260
_a
Kolkata
_b
Sahityaloke
_c
2021
650
_a
History
942
_c
BK
999
_c
68598
_d
68598